| 000 | 00738nam a2200241 i 4500 | ||
|---|---|---|---|
| 001 | 93608 | ||
| 003 | ES-MaACL | ||
| 005 | 20240703063056.0 | ||
| 007 | t| | ||
| 008 | 050415s1978 sp ||||1| spa d | ||
| 080 | _a821.134.2-14"13" | ||
| 100 | 1 |
_aLópez de Ayala, Pedro, _d1332-1407 _973530 |
|
| 245 | 1 | 0 |
_aLibro rimado del palacio / _cPedro López de Ayala; edición, estudio y notas de Jacques Joset. |
| 250 | _a[1ª ed.]. | ||
| 260 |
_aMadrid : _bAlhambra, _c1978. |
||
| 300 |
_a2 v. ; _c20 cm. |
||
| 490 | 1 | _aClásicos | |
| 700 | 1 |
_aJoset, Jacques. _966990 |
|
| 830 | 0 |
_aColección Clásicos (Alhambra) ; _9235956 _v7-8 |
|
| 852 |
_aES-MaACL _jA-9129-30 _bR.97927 |
||
| 942 | _2udc | ||
| 999 |
_c93608 _d93608 |
||